00277nam a2200121Ia 4500008004100000100001900041245001400060260003500074300000800109650001400117942000700131999001700138190216s9999||||xx |||||||||||||| ||und|| aChatergee .p.n 0aMechanics bRajhans Prakashan Mandirc1981 a256 aMechanics cBK c34089d34089